| 000 | 00495nam a2200181Ia 4500 | ||
|---|---|---|---|
| 999 |
_c8898 _d8898 |
||
| 003 | OSt | ||
| 005 | 20201012124952.0 | ||
| 008 | 190216s9999||||xx |||||||||||||| ||und|| | ||
| 020 | _a8176562645 | ||
| 040 | _coclc | ||
| 082 |
_a005.369 _bREI/M |
||
| 100 |
_aReid, Maria _95601 |
||
| 245 | 0 |
_aMicrosoft Word 2000 / _cMaria Reid |
|
| 260 |
_bBpb Publications, _aNew Delhi: _c2005. |
||
| 300 | _a212p | ||
| 650 | _aPhysics | ||
| 942 |
_cBK _2ddc _h005.369 _iREI/M _k005.369 _mREI/M |
||